Architektura Client/Server. Očekávání a realita

Client/Server (C/S) - architektúra informačného systému využívajúca rôzne typy technológií. Trh informačných technológií. Vývoj operačného prostredia. Vývoj architektúry C/S. Definícia C/S.

Guardado en:
Detalles Bibliográficos
Autor principal: Dohnal, Jan
Formato: Capítulo de libro
Lenguaje:checo
Materias:
Etiquetas: Agregar Etiqueta
Sin Etiquetas, Sea el primero en etiquetar este registro!

MARC

LEADER 00000naa a2200000 4500
001 r020671
005 20230922105926.0
041 0 |a cze 
044 |a CZ 
245 1 0 |a Architektura Client/Server. Očekávání a realita  |c J. Dohnal 
520 |a Client/Server (C/S) - architektúra informačného systému využívajúca rôzne typy technológií. Trh informačných technológií. Vývoj operačného prostredia. Vývoj architektúry C/S. Definícia C/S. 
610 2 0 |a systémy informačné 
610 2 0 |a architektúra 
610 2 0 |a klient-server 
610 2 0 |a UNIX 6 
610 2 0 |a technológie informačné 
610 2 0 |a IBM 
100 1 |a Dohnal, Jan